| 000 | 01028nam a22003610a 4500 | ||
|---|---|---|---|
| 001 | PT28177 | ||
| 003 | AR-LpoUNG | ||
| 005 | 20240906091458.0 | ||
| 008 | 191001s1993||||cl |||||||||||||||||spa d | ||
| 020 |
_a9562011398 _c$26.66 |
||
| 040 |
_aAR-LpoUNG _bspa _cAR-LpoUNG _eaacr |
||
| 041 | _aspa | ||
| 044 | _acl | ||
| 082 | 0 | _a418.4 75for | |
| 100 | 1 |
_aJolibert, Josette _ecoor. |
|
| 245 | 1 | 0 |
_aFormar niños lectores de textos : _bciclo II : 5-8 años de edad (kinder-1º-2º año básico) |
| 250 | _a2ª ed. | ||
| 260 |
_aSantiago de Chile : _bDolmen, _c1993. |
||
| 300 |
_a258 p. : _bil., tbls., gráfs. |
||
| 650 | 4 | _aALUMNOS | |
| 650 | 4 | _aAPRENDIZAJE | |
| 650 | 4 | _aEDUCACION | |
| 650 | 4 | _aENSEÑANZA | |
| 650 | 4 | _aLECTURA | |
| 650 | 4 | _aMETODOS DE PLANIFICACION | |
| 650 | 4 | _aNIÑOS | |
| 650 | 4 | _aPRACTICAS PEDAGOGICAS | |
| 651 | 4 | _aDOCUMENTOS TEORICOS O METODOLOGICOS | |
| 700 | 1 |
_aGaldames Franco, Viviana _etr. |
|
| 700 | 1 |
_aMedina Moreno, Alejandra _etr. |
|
| 905 | _a28177 | ||
| 942 |
_cLIB _2ddc |
||
| 999 |
_c20409 _d20409 |
||